[Event "A game"]
[Site "http://www.queenalice.com/game.php?id=226756"]
[Date "2007.6.19"]
[Round "-"]
[White "benilux"]
[Black "palod"]
[Result "1-0"]
[WhiteElo "1072"]
[BlackElo "1190"]

1. e4 e5 2. Nc3 Nf6 3. Bc4 a6 4. a4 d6 5. b4 g6 6. Bb2 Be7 7. b5 O-O 8. Nge2 b6
9. O-O Bb7 10. d4 exd4 11. Nxd4 Bxe4 12. Nxe4 d5 13. Nxf6+ Bxf6 14. Qf3 axb5 15.
axb5 dxc4 16. Rxa8 Bxd4 17. Rd1 Bxf2+ 18. Kxf2 Qxd1 19. Qxd1 1-0

[Event "Let's Play Chess!"]
[Site "http://www.queenalice.com/game.php?id=226842"]
[Date "2007.6.18"]
[Round "-"]
[White "palod"]
[Black "spawnwolfwolverine"]
[Result "1-0"]
[WhiteElo "1159"]
[BlackElo "1765"]

1. e4 e5 2. d4 Nc6 3. Nf3 d6 4. d5 Nce7 5. Nc3 Bg4 6. h3 Bxf3 7. Qxf3 f6 8. Be3
b6 9. O-O-O c5 10. h4 Qd7 11. Bb5 Qxb5 12. Nxb5 h6 13. Nxd6+ Kd7 14. Nf5 Nxf5
15. Qxf5+ Kd6 16. Qe6+ Kc7 17. d6+ Kb7 18. d7 Be7 19. Qd5+ Kb8 20. d8=Q+ Bxd8
21. Qxd8+ Kb7 22. Rd7+ Ka6 23. Qxa8 g5 24. Qxa7+ Kb5 25. a4+ Kc4 26. Qa6+ Kb4
27. Qb5# 1-0

[Event "New Game"]
[Site "http://www.queenalice.com/game.php?id=229126"]
[Date "2007.6.23"]
[Round "-"]
[White "jlgiffoni"]
[Black "palod"]
[Result "0-1"]
[WhiteElo "946"]
[BlackElo "1265"]

1. e4 e6 2. d4 d6 3. Nc3 Nf6 4. Bc4 Be7 5. Nf3 d5 6. exd5 exd5 7. Bb5+ Bd7 8.
Qd3 O-O 9. Bf4 g6 10. O-O-O a6 11. Ba4 Bxa4 12. Nxa4 Ne4 13. Rhf1 Nc6 14. c4 Nb4
15. Qb3 dxc4 16. Qxc4 Rc8 17. Rfe1 Nxf2 18. Rd2 b5 19. Qb3 bxa4 20. Qe3 Nfd3+
21. Rxd3 Nxd3+ 22. Qxd3 h6 23. Qxa6 Bd6 24. Re4 g5 25. Be5 Bxe5 26. dxe5 c6 27.
Qxa4 Ra8 28. Qxc6 Rc8 29. Rc4 Rxc6 30. Rxc6 Qd7 31. Rxh6 Rc8+ 32. Kb1 Qd1# 0-1

[Event "Skull"]
[Site "http://www.queenalice.com/game.php?id=231391"]
[Date "2007.6.27"]
[Round "-"]
[White "fbdaniel"]
[Black "palod"]
[Result "0-1"]
[WhiteElo "1198"]
[BlackElo "1218"]

1. e3 e5 2. Bc4 Nf6 3. Nh3 e4 4. g4 d5 5. Bb3 Bxg4 6. f3 Bxf3 7. Ba4+ c6 8. O-O
Bxd1 9. Rxd1 Nbd7 10. b4 Bxb4 11. c3 Bd6 12. d4 Ng4 13. c4 Nxh2 14. c5 Qh4 15.
Nf2 Nf3+ 16. Kf1 Bg3 17. Rd2 Nxd2+ 18. Nxd2 Qh2 19. Nf3 Qxf2# 0-1

[Event "Let's Play Chess!"]
[Site "http://www.queenalice.com/game.php?id=231401"]
[Date "2007.6.28"]
[Round "-"]
[White "palod"]
[Black "stainlessnixon"]
[Result "1-0"]
[WhiteElo "1195"]
[BlackElo "938"]

1. d4 d5 2. e3 Nc6 3. Bb5 Nf6 4. Nf3 a6 5. Bxc6+ bxc6 6. O-O Bg4 7. h3 Bh5 8. g4
Bg6 9. Ne5 Qd6 10. c4 Ne4 11. c5 e6 12. Qa4 Nxc5 13. dxc5 Qxe5 14. Qxc6+ Ke7 15.
Qxa8 Kf6 16. Qd8+ Be7 17. Qxh8 Bxc5 18. Nc3 Bd6 19. f4 1-0

[Event "Let's Play Chess!"]
[Site "http://www.queenalice.com/game.php?id=231402"]
[Date "2007.6.27"]
[Round "-"]
[White "stainlessnixon"]
[Black "palod"]
[Result "0-1"]
[WhiteElo "960"]
[BlackElo "1188"]

1. e4 e6 2. d4 Nc6 3. Nf3 Be7 4. Nc3 Nh6 5. Bxh6 gxh6 6. Bc4 Rg8 7. O-O d5 8.
exd5 Nb4 9. dxe6 Bxe6 10. Bxe6 fxe6 11. Re1 Qd7 12. a3 Nd5 13. Qd2 O-O-O 14.
Qxh6 Nf6 15. Rad1 Qc6 16. Ne5 Qxg2# 0-1

[Event "Challenge"]
[Site "http://www.queenalice.com/game.php?id=233208"]
[Date "2007.7.1"]
[Round "-"]
[White "Denorwaygths"]
[Black "palod"]
[Result "1-0"]
[WhiteElo "1861"]
[BlackElo "1329"]

1. Nf3 d6 2. e4 e5 3. d4 exd4 4. Qxd4 Nc6 5. Qc3 Be7 6. Qxg7 Bf6 7. Qg3 Nge7 8.
a3 Be6 9. c3 Qd7 10. Bg5 Rg8 11. Qh4 h6 12. Bxf6 O-O-O 13. Qxh6 Rg6 14. Qf4 Rf8
15. Bxe7 Rfg8 16. Bh4 a6 17. Be2 Rxg2 18. Bg3 Bg4 19. h3 Bxh3 20. Bf1 1-0

[Event "Chess!"]
[Site "http://www.queenalice.com/game.php?id=233422"]
[Date "2007.7.2"]
[Round "-"]
[White "palod"]
[Black "fugazeton2"]
[Result "0-1"]
[WhiteElo "1201"]
[BlackElo "1432"]

1. d4 Nf6 2. Nc3 e6 3. Bg5 Be7 4. h3 Nc6 5. f3 h6 6. Bxf6 Bxf6 7. g3 Bxd4 8. Qd2
Bb6 9. a3 Qf6 10. O-O-O Bd4 11. e3 Qe5 12. exd4 Qxg3 13. d5 Ne5 14. Bg2 Nc4 15.
Qe2 Nb6 16. h4 O-O 17. b3 Qd6 18. b4 a5 19. Nb5 Qf4+ 20. Rd2 axb4 21. Nh3 Qf6
22. dxe6 bxa3 23. e7 Qa1# 0-1

[Event "Chess!"]
[Site "http://www.queenalice.com/game.php?id=233425"]
[Date "2007.7.2"]
[Round "-"]
[White "fugazeton2"]
[Black "palod"]
[Result "0-1"]
[WhiteElo "1294"]
[BlackElo "1233"]

1. c4 d6 2. d4 g6 3. e3 Nf6 4. Nf3 Bd7 5. Be2 Ne4 6. O-O Bg7 7. Nc3 f5 8. Nxe4
fxe4 9. Nd2 O-O 10. Nxe4 Bf5 11. Nc3 e6 12. Bg4 Nc6 13. Bxf5 exf5 14. f4 Ne7 15.
h3 Re8 16. b3 d5 17. cxd5 Nxd5 18. Nxd5 Qxd5 19. Re1 Re7 20. Qc2 Bxd4 21. Rb1
Rae8 22. Bd2 Bxe3+ 23. Bxe3 Rxe3 24. Rxe3 Qd4 25. Re1 Rxe3 26. Kh2 Rxe1 27. Qxc7
Qg1+ 28. Kg3 Re3+ 29. Kh4 Qf2+ 30. Kg5 Qg3+ 31. Kf6 Qh4# 0-1

[Event "Chess!"]
[Site "http://www.queenalice.com/game.php?id=233590"]
[Date "2007.7.2"]
[Round "-"]
[White "kingrey"]
[Black "palod"]
[Result "1-0"]
[WhiteElo "1271"]
[BlackElo "1325"]

1. d4 d5 2. Nf3 Nc6 3. Bf4 f6 4. c3 g5 5. Be3 a6 6. h3 Bf5 7. g4 Be4 8. h4 Na5
9. hxg5 fxg5 10. Bxg5 Bxf3 11. exf3 Qd7 12. Bd3 O-O-O 13. Nd2 Qe6+ 14. Qe2 Qxe2+
15. Kxe2 h6 16. Bf4 Re8 17. g5 h5 18. g6 Bg7 19. c4 dxc4 20. Nxc4 Nc6 21. Rac1
1-0

[Event "Play Chess!"]
[Site "http://www.queenalice.com/game.php?id=233846"]
[Date "2007.7.5"]
[Round "-"]
[White "palod"]
[Black "ramones"]
[Result "1-0"]
[WhiteElo "1201"]
[BlackElo "1225"]

1. e4 Nc6 2. d4 d6 3. c3 Be6 4. d5 Qd7 5. dxc6 Qxc6 6. f3 Nf6 7. Na3 O-O-O 8.
Be3 d5 9. Nb5 dxe4 10. Nxa7+ Kb8 11. Nxc6+ Ka8 12. Qxd8+ Bc8 13. Qxc8# 1-0

[Event "Play Chess!"]
[Site "http://www.queenalice.com/game.php?id=233847"]
[Date "2007.7.2"]
[Round "-"]
[White "giancarlo"]
[Black "palod"]
[Result "1-0"]
[WhiteElo "1737"]
[BlackElo "1242"]

1. e4 e5 2. f4 exf4 3. Nf3 Nc6 4. d4 g6 5. Bxf4 Bg7 6. Bc4 h6 7. O-O d6 8. c3 a6
9. b4 Nge7 10. Qd2 g5 11. Bxg5 f6 12. Be3 b5 13. Be2 Na7 14. Nh4 Nac6 15. Bh5+
Kf8 16. Na3 d5 17. e5 f5 18. Bg6 h5 19. Bxf5 Bxf5 20. Nxf5 Nxf5 21. Rxf5+ Ke8
22. Raf1 Ne7 23. Bg5 Rf8 24. Rxf8+ Bxf8 25. e6 Qd6 26. Qe2 Ng6 27. Rf6 Ne7 28.
Qxh5+ Kd8 29. Rxf8# 1-0

[Event "Let's Play "]
[Site "http://www.queenalice.com/game.php?id=234525"]
[Date "2007.7.5"]
[Round "-"]
[White "palod"]
[Black "knightsdefence"]
[Result "1-0"]
[WhiteElo "1257"]
[BlackElo "1339"]

1. d4 f5 2. Nc3 d5 3. e3 c6 4. Bd2 g6 5. g3 e6 6. Be2 b6 7. h4 h5 8. Nf3 Bg7 9.
b4 b5 10. a4 a6 11. O-O Bb7 12. Ng5 Qd7 13. a5 Bh6 14. Nf3 Nf6 15. Ne5 Qg7 16.
Bf3 Nbd7 17. Nxg6 Rh7 18. Re1 Qxg6 19. e4 fxe4 20. Be2 1-0

[Event "Let's Play "]
[Site "http://www.queenalice.com/game.php?id=234526"]
[Date "2007.7.5"]
[Round "-"]
[White "ramones"]
[Black "palod"]
[Result "0-1"]
[WhiteElo "1276"]
[BlackElo "1240"]

1. e4 e5 2. Nf3 d6 3. g3 Nf6 4. Bb5+ Bd7 5. a4 a6 6. Bxd7+ Nbxd7 7. O-O Nc5 8.
b4 Ncd7 9. Nc3 Be7 10. b5 axb5 11. Nxb5 Nxe4 12. Re1 d5 13. d3 Nd6 14. Ba3 O-O
15. Rxe5 Nxe5 16. Qe1 Nxf3+ 17. Kf1 Nxe1 18. Kxe1 Nxb5 19. axb5 Bxa3 20. Rxa3
Rxa3 0-1

[Event "Let's Play Chess!"]
[Site "http://www.queenalice.com/game.php?id=239054"]
[Date "2007.7.13"]
[Round "-"]
[White "candycorn"]
[Black "palod"]
[Result "0-1"]
[WhiteElo "1285"]
[BlackElo "1268"]

1. e4 e5 2. d3 d6 3. Nf3 Bg4 4. h3 Bxf3 5. gxf3 Nc6 6. f4 f6 7. f5 Qd7 8. Be2
O-O-O 9. a4 d5 10. exd5 Qxd5 11. f3 Nge7 12. Nc3 Qd7 13. Be3 Nxf5 14. Nb5 Nxe3
15. Qd2 Bc5 16. Qc3 Bb4 17. Nxa7+ Nxa7 18. Qxb4 Nxc2+ 19. Kd2 Nxb4 20. Rhg1 Nxd3
21. Bxd3 Qxd3+ 22. Ke1 Qe3+ 0-1

[Event "Let's Play Chess!"]
[Site "http://www.queenalice.com/game.php?id=247810"]
[Date "2007.7.29"]
[Round "-"]
[White "palod"]
[Black "Ripper"]
[Result "1-0"]
[WhiteElo "1298"]
[BlackElo "1195"]

1. d4 d5 2. Nc3 Nf6 3. e3 Nc6 4. Bb5 a6 5. Bxc6+ bxc6 6. Nf3 Bf5 7. h3 e6 8. a3
Bd6 9. g4 Be4 10. O-O O-O 11. Ne5 Nd7 12. Nxc6 Qh4 13. Nxe4 Qxh3 14. Nxd6 cxd6
15. f4 Nf6 16. g5 Ng4 17. Qe2 Rfe8 18. Bd2 Rac8 19. Nb4 a5 20. Nd3 Rxc2 21. Rf3
1-0

[Event "Let's Play Chess!"]
[Site "http://www.queenalice.com/game.php?id=247811"]
[Date "2007.7.29"]
[Round "-"]
[White "Ripper"]
[Black "palod"]
[Result "0-1"]
[WhiteElo "1208"]
[BlackElo "1285"]

1. e4 e6 2. d4 d6 3. Nf3 c6 4. Nc3 e5 5. dxe5 dxe5 6. Nxe5 Be6 7. Qf3 Nf6 8. Bd3
Bb4 9. O-O Bd6 10. Nc4 O-O 11. e5 Bxc4 12. Bxc4 Bxe5 13. Re1 Bxc3 14. bxc3 Re8
15. Bd2 Kh8 16. Bd3 Nbd7 17. Qg3 Rg8 18. Bg5 g6 19. Rab1 h5 20. Rxb7 Qa5 0-1

[Event "Let's Play Chess!"]
[Site "http://www.queenalice.com/game.php?id=249327"]
[Date "2007.8.1"]
[Round "-"]
[White "palod"]
[Black "knightsdefence"]
[Result "1-0"]
[WhiteElo "1310"]
[BlackElo "1393"]

1. d4 f5 2. Nc3 d5 3. e3 g6 4. g3 c6 5. Bd2 Bg7 6. Qe2 b6 7. Nf3 Bb7 8. Ng5 Bc8
9. O-O-O Bh6 10. Nf3 Bb7 11. h4 Bg7 12. Ng5 Bc8 13. h5 e6 14. f4 Bf6 15. hxg6 h6
16. Nf7 1-0

[Event "Let's Play Chess!"]
[Site "http://www.queenalice.com/game.php?id=250911"]
[Date "2007.8.5"]
[Round "-"]
[White "palod"]
[Black "Brunao"]
[Result "0-1"]
[WhiteElo "1276"]
[BlackElo "1411"]

1. e4 e6 2. d4 Nf6 3. e5 Ne4 4. f3 Ng5 5. Bxg5 Qxg5 6. Nc3 Bb4 7. a3 Ba5 8. b4
Bb6 9. h4 Qg3+ 10. Ke2 Nc6 11. Ne4 Nxd4+ 12. Ke3 Nxf3+ 13. Nc5 Nxe5+ 14. Nf3
Ng4+ 15. Kd2 d6 16. Ne4 Be3+ 0-1

[Event "Let's Play Chess!"]
[Site "http://www.queenalice.com/game.php?id=250913"]
[Date "2007.8.4"]
[Round "-"]
[White "pedrogarciass"]
[Black "palod"]
[Result "1-0"]
[WhiteElo "1675"]
[BlackElo "1327"]

1. e4 e6 2. Nf3 d5 3. e5 Nc6 4. Bb5 a6 5. Bxc6+ bxc6 6. d4 g6 7. a3 c5 8. Be3 c4
9. Bg5 Be7 10. Bxe7 Nxe7 11. O-O Bd7 12. a4 Qb8 13. b3 cxb3 14. cxb3 Nc6 15.
Nbd2 Qb4 16. Ne1 Nxd4 17. Nef3 a5 18. Nxd4 Qxd4 19. Nf3 Qxd1 20. Rfxd1 Rb8 21.
Rd3 h6 22. h3 O-O 23. Nd4 c5 24. Nf3 Bc6 25. Nd2 Rb4 26. Rg3 Rfb8 27. Rg4 Rxg4
28. Rc1 Rd4 29. Nf3 Rd3 30. Rxc5 Be8 31. Rxa5 Rbxb3 32. Ra8 Kf8 33. a5 Ke7 34.
a6 Bc6 35. Ra7+ Kd8 36. Rxf7 Ra3 37. a7 Kc8 38. Rf6 Rxa7 39. Rxe6 Ra6 40. Rxg6
Kb7 41. e6 d4 42. e7 Be8 43. Rg8 1-0